Logo BPK

Bibliografia Prac Pracowników

Politechniki Koszalińskiej

Rola banku w emisji krótkoterminowych papierów dłużnych / (Rekord nr 9325)

Szczegóły MARC
000 -ETYKIETA REKORDU
podpole kontrolne o stałej długości 00708naa a22001577i 4500
001 - NUMER KONTROLNY REKORDU
podpole kontrolne 9325
003 - IDENTYFIKATOR NUMERU KONTROLNEGO REKORDU
podpole kontrolne KOSZ 005
005 - DATA OSTATNIEJ MODYFIKACJI REKORDU
podpole kontrolne 20180324105832.0
008 - POLE O STAŁEJ DŁUGOŚCI - DANE KONTROLNE
podpole kontrolne o stałej długości 180324s2001 pl ||||| ||||0|| 0 pol d
040 ## - ŹRÓDŁO KATALOGOWANIA
Instytucja, która utworzyła rekord KOSZ 005/HR
Instytucja, która sporządziła opis KOSZ 005/HR
041 0# - KOD JĘZYKA
Kod języka tekstu pol
100 1# - NAZWA OSOBOWA
Nazwa osobowa ZAWADZKA, Danuta.
Lata pracy 1999-2006.
Instytucja Politechnika Koszalińska - Wydział Ekonomii i Zarządzania,
Wydział Katedra Rachunkowości i Finansów, Zakład Finansów
245 10 - TYTUŁ/ODPOWIEDZIALNOŚĆ
Tytuł Rola banku w emisji krótkoterminowych papierów dłużnych /
Pozostałe elementy strefy tytułu i oznaczenia odpowiedzialności Danuta Zawadzka.
773 0# - TYTUŁ DOKUMENTU MACIERZYSTEGO
Wyrażenie wprowadzające W :
Tytuł Finanse, Bankowość, Ubezpieczenia : zeszyt naukowy Wyższej Szkoły Finansów i Bankowości w Radomiu. -
Adres wydawniczy Radom : WSFiB. -
Informacje dotyczące relacji 2001, z. 2, s. 145-156.
ISSN 1429-9623
942 ## - HASŁO DODATKOWE - ELEMENTY(KOHA)
Typ dokumentu Artykuł
Schemat klasyfikacji Uniwersalna klasyfikacja dziesiętna

Brak dostępnych egzemplarzy.

© 2014 Biblioteka Politechniki Koszalińskiej :: BIBLIOGRAFIA PRAC PRACOWNIKÓW